| 000 | 00900nam a22002297a 4500 | ||
|---|---|---|---|
| 999 |
_c26291 _d26291 |
||
| 003 | BDDh-ASL | ||
| 005 | 20231016062613.0 | ||
| 008 | 211002s2000 b ||||| |||| 00| 0 b d | ||
| 040 | _cBDDh-ASL | ||
| 082 |
_a920.72 _bZAS |
||
| 100 | 1 |
_aজামান, সাঈদা _91030 |
|
| 245 | 1 | 0 | _aসৈয়দা মোতাহেরা বানু / |
| 246 | _aSyeda Motahera Banu | ||
| 260 |
_aঢাকা: _bবাংলা একাডেমি, _c২০০০। |
||
| 300 |
_a১১৬ পৃষ্ঠা, : _c২২ সে. মি. |
||
| 440 |
_94691 _aজীবনী গ্রন্থমালা |
||
| 504 | _aগ্রন্থপঞ্জি সংযুক্ত । | ||
| 600 | 1 | 0 |
_94778 _aবানু, সৈয়দা মোতাহেরা |
| 650 | 0 |
_92694 _aEssay |
|
| 650 | 0 |
_abiographical dictionary - চরিতাভিধান _94665 |
|
| 942 |
_2ddc _cBK |
||